Statistics for Women's Tennis Superlatives

Click here to take the quiz!

General Stats

  • This quiz has been taken 23 times
  • The average score is 10 of 17

Answer Stats

Hint#Answer% Correct
Most Grand Slam titles23Serena Williams
95%
Most weeks at #1377Steffi Graf
91%
Most Wimbledon titles9Martina Navratilova
86%
Most matches won among active players818Venus Williams
86%
Youngest to win a Grand Slam title16y 3mMartina Hingis
73%
Only Grand Slam winner stabbed during a gameHamburg (1993)Monica Seles
73%
Most French Open titles7Chris Evert
59%
Most Grand Slams in the 2020s4Iga Świątek
59%
Only Japanese Grand Slam winner(2018-2021)Naomi Osaka
59%
Most Grand Slam wins as a mother3Margaret Court
55%
Only 4-time consecutive US Open runner-up(1973-1976)Evonne Goolagong
50%
Most Grand Slam wins as a mother3Kim Clijsters
45%
Most matches played in a season125Billie Jean King
41%
Only Grand Slam winner from a country ending with "stan"(2022)Elena Rybakina
41%
Only French winner of a French Open(2000)Mary Pierce
36%
Most straight losses against the same opponent19Maria Sharapova
32%
Most aces hit in one match31Kristýna Plíšková
18%

Score Distribution

Percentile by Number Answered

Percent of People with Each Score

Your Score History

You have not taken this quiz